000
00265nam a22001217a 4500
041
_a
ENG
100
_a
Sharma. J
245
_a
Orchids Of India
260
_a
Delhi
_b
Daya Publishing House
_c
1958
300
_a
154
650
_a
Agricultural
856
_u
Agricultural
999
_c
542
_d
542